Guess the Harry Potter Movies by Scene #36 - Statistics

General Stats
  • This quiz has been taken 107 times
    106 since last reset
  • The average score is 17 of 20
Answer Stats
Picture Answer % Correct
Goblet of Fire
96%
Chamber of Secrets
91%
Deathly Hallows – Part 1
87%
Deathly Hallows – Part 2
87%
Half-Blood Prince
87%
Chamber of Secrets
83%
Deathly Hallows – Part 1
83%
Deathly Hallows – Part 1
83%
Deathly Hallows – Part 2
83%
Deathly Hallows – Part 2
83%
Goblet of Fire
83%
Goblet of Fire
83%
Half-Blood Prince
83%
Philosopher's Stone
83%
Prisoner of Azkaban
83%
Chamber of Secrets
78%
Deathly Hallows – Part 2
78%
Goblet of Fire
78%
Half-Blood Prince
78%
Order of the Phoenix
78%
No matching quizzes found
Score Distribution
Percent of People with Each Score
Percentile by Number Answered
Your Score History
You have not taken this quiz since the last reset